120 losowych Flag świata - Statystyki

Ogólne statystyki
  • Ten quiz został rozwiązany 7 razy
  • Średni wynik to 48 z 120
Statystyki odpowiedzi
Obrazkowy Hint Odpowiedź % Poprawnych
Azerbejdżan
100%
Belgia
100%
Bośnia i Hercegowina
100%
Chile
100%
Chorwacja
100%
Demokratyczna Republika Konga
100%
Egipt
100%
Finlandia
100%
Hiszpania
100%
Irak
100%
Iran
100%
Jamajka
100%
Kanada
100%
Kirgistan
100%
Kosowo
100%
Laos
100%
Malawi
100%
Monako
100%
Namibia
100%
Nepal
100%
Nigeria
100%
Nowa Zelandia
100%
Peru
100%
Portugalia
100%
Republika Południowej Afryki
100%
Republika Zielonego Przylądka
100%
Sierra Leone
100%
Słowenia
100%
Tunezja
100%
Uzbekistan
100%
Wenezuela
100%
Wielka Brytania
100%
Wietnam
100%
Wyspy Marshalla
100%
Filipiny
80%
Serbia
80%
Białoruś
75%
Łotwa
75%
Angola
67%
Bangladesz
67%
Bhutan
67%
Bułgaria
67%
Czechy
67%
Dżibuti
67%
Ekwador
67%
Eswatini
67%
Francja
67%
Ghana
67%
Hongkong
67%
Indie
67%
Izrael
67%
Kambodża
67%
Korea Północna
67%
Lesotho
67%
Macedonia Północna
67%
Maroko
67%
Meksyk
67%
Paragwaj
67%
Rumunia
67%
San Marino
67%
Seszele
67%
Singapur
67%
Sri Lanka
67%
Szwecja
67%
Tanzania
67%
Turcja
67%
Turkmenistan
67%
Walia
67%
Włochy
67%
Wyspy Salomona
67%
Pakistan
60%
Rosja
60%
Albania
50%
Algieria
50%
Australia
50%
Austria
50%
Bahamy
50%
Brazylia
50%
Brunei
50%
Brytyjskie Wyspy Dziewicze
50%
Chiny
50%
Cypr
50%
Czarnogóra
50%
Dhekelia
50%
Dominika
50%
Dominikana
50%
Erytrea
50%
Falklandy
50%
Gibraltar
50%
Gruzja
50%
Guam
50%
Gwinea Równikowa
50%
Holandia
50%
Islandia
50%
Japonia
50%
Johnston
50%
Kazachstan
50%
Kongo
50%
Korea Południowa
50%
Litwa
50%
Majotta
50%
Malezja
50%
Malta
50%
Mołdawia
50%
Montserrat
50%
Navassa
50%
Norwegia
50%
Panama
50%
Papua Nowa Gwinea
50%
Polska
50%
Portoryko
50%
Salwador
50%
Samoa
50%
Słowacja
50%
Tajwan
50%
Uganda
50%
Węgry
50%
Andora
40%
Benin
40%
Gwinea
40%
Irlandia Północna
40%
Liberia
40%
Oman
40%
Republika Środkowoafrykańska
40%
Timor Wschodni
40%
Wybrzeże Kości Słoniowej
40%
Antarktyka
33%
Arabia Saudyjska
33%
Armenia
33%
Bahrajn
33%
Belize
33%
Bermudy
33%
Boliwia
33%
Brytyjskie Terytorium Antarktyczne
33%
Dania
33%
Fidżi
33%
Gabon
33%
Haiti
33%
Jordania
33%
Kiribati
33%
Libia
33%
Liechtenstein
33%
Madagaskar
33%
Mali
33%
Midway
33%
Mikronezja
33%
Nauru
33%
Niemcy
33%
Niger
33%
Palmyra
33%
Rwanda
33%
Somalia
33%
Sudan
33%
Surinam
33%
Szwajcaria
33%
Tajlandia
33%
Tokelau
33%
Tonga
33%
Tristan da Cunha
33%
Turks i Caicos
33%
Urugwaj
33%
Wyspa Bożego Narodzenia
33%
Wyspa Clippertona
33%
Wyspa Norfolk
33%
Wyspy Alandzkie
33%
Wyspy Owcze
33%
Wyspy Świętego Tomasza i Książęca
33%
Akrotiri
25%
Argentyna
25%
Grecja
25%
Grenada
25%
Grenlandia
25%
Honduras
25%
Katar
25%
Kolumbia
25%
Komory
25%
Kostaryka
25%
Kuba
25%
Liban
25%
Makau
25%
Mauritius
25%
Nikaragua
25%
Palestyna
25%
Polinezja Francuska
25%
Saint Pierre i Miquelon
25%
Stany Zjednoczone
25%
To nie Norwegia Svalbard i Jan Mayen
25%
Trynidad i Tobago
25%
Tuvalu
25%
To nie Norwegia Wyspa Bouveta
25%
Wyspy Dziewicze Stanów Zjednoczonych
25%
To nie Australia Wyspy Heard i McDonalda
25%
Zimbabwe
25%
Botswana
20%
Brytyjskie Terytorium Oceanu Indyjskiego
20%
Burkina Faso
20%
Pitcairn
20%
Afganistan
0%
Anglia
0%
Anguilla
0%
Antigua i Barbuda
0%
Aruba
0%
Barbados
0%
Burundi
0%
Curaçao
0%
Czad
0%
To nie USA Dalekie Wyspy Mniejsze Stanów Zjednoczonych
0%
Estonia
0%
Etiopia
0%
Francuskie Terytoria Południowe i Antarktyczne
0%
Gambia
0%
Georgia Południowa i Sandwich Południowy
0%
Guernsey
0%
Gujana
0%
Gujana Francuska
0%
Gwadelupa
0%
Gwatemala
0%
Gwinea Bissau
0%
Holandia Karaibska
0%
Howland, Jarvis i Baker
0%
Indonezja
0%
Irlandia
0%
Jemen
0%
Jersey
0%
Kajmany
0%
Kamerun
0%
Kenia
0%
Kingman
0%
Kuwejt
0%
Luksemburg
0%
Malediwy
0%
Mariany Północne
0%
Martynika
0%
Mauretania
0%
Mjanma
0%
Mongolia
0%
Mozambik
0%
Niue
0%
Nowa Kaledonia
0%
Palau
0%
Reunion
0%
Saba
0%
Sahara Zachodnia
0%
Saint-Barthélemy
0%
Saint Kitts i Nevis
0%
Saint Lucia
0%
To nie Francja Saint Martin
0%
Saint Vincent i Grenadyny
0%
Samoa Amerykańskie
0%
Senegal
0%
Sint Eustatius
0%
Sint Maarten
0%
Sudan Południowy
0%
Syria
0%
Szkocja
0%
Tadżykistan
0%
Togo
0%
Ukraina
0%
Vanuatu
0%
Wake
0%
Wallis i Futuna
0%
Watykan
0%
Wyspa Man
0%
Wyspa Świętej Heleny
0%
Wyspa Wniebowstąpienia
0%
Wyspy Cooka
0%
Wyspy Kokosowe
0%
Zambia
0%
Zjednoczone Emiraty Arabskie
0%
Nie znaleziono quizów pasujących do podanych kryteriów
Rozkład punktacji
Procent ludzi z każdym wynikiem
Percentyl według liczby udzielonych odpowiedzi
Twoja historia wyników
Nie rozwiązałeś tego quizu